Alfonso Reyes y las ciencias sociales (Record no. 178831)

MARC details
000 -LEADER
campo de control de longitud fija 01239nam a2200265 i 4500
001 - NÚMERO DE CONTROL
campo de control 178831
003 - IDENTIFICADOR DE NÚMERO DE CONTROL
campo de control ES-MaACL
005 - FECHA Y HORA DE LA ÚLTIMA TRANSACCIÓN
campo de control 20230906220616.0
008 - DATOS DE LONGITUD FIJA--INFORMACIÓN GENERAL
campo de control de longitud fija 110714s2010 mx fo 011 0dspa d
020 ## - NÚMERO INTERNACIONAL ESTÁNDAR DEL LIBRO
Número Internacional Estándar del Libro 9786070217401
080 ## - NÚMERO DE LA CLASIFICACIÓN DECIMAL UNIVERSAL
Número de la Clasificación Decimal Universal 929 Reyes, Alfonso
080 ## - NÚMERO DE LA CLASIFICACIÓN DECIMAL UNIVERSAL
Número de la Clasificación Decimal Universal 821.134.2(72) Reyes, Alfonso 1.06
245 00 - MENCIÓN DEL TÍTULO
Título Alfonso Reyes y las ciencias sociales
Resto del título : homenaje a 120 años de su nacimiento y a 50 años de su muerte : memoria /
Mención de responsabilidad, etc. Alberto Enríquez Perea, coordinador.
250 ## - MENCION DE EDICION
Mención de edición 1ª ed.
260 ## - PUBLICACIÓN, DISTRIBUCIÓN, ETC.
Lugar de publicación, distribución, etc. México :
Nombre del editor, distribuidor, etc. Universidad Nacional Autónoma de México,
Fecha de publicación, distribución, etc. 2010.
300 ## - DESCRIPCIÓN FÍSICA
Extensión 286 p., XVI p. de lám. fot. ;
Dimensiones 23 cm.
505 0# - NOTA DE CONTENIDO CON FORMATO
Nota de contenido con formato Historia y política. Periodismo y cine. Testimonios y recuerdos. Ciencias sociales y filosofía. Diplomacia y derecho. Alfonso Reyes y Francia
594 ## - Nota al título y mención de responsabilidad
Nota al título y mención de responsabilidad En p. 11: "La Facultad de Ciencias Políticas y Sociales de la UNAM rindió... un homenaje a Alfonso Reyes..."
600 14 - PUNTO DE ACCESO ADICIONAL DE MATERIA--NOMBRE DE PERSONA
Nombre de persona Reyes, Alfonso,
Fechas asociadas al nombre 1889-1959-
Subdivisión general Crítica e interpretación
9 (RLIN) 96557
600 17 - PUNTO DE ACCESO ADICIONAL DE MATERIA--NOMBRE DE PERSONA
Nombre de persona Reyes, Alfonso,
Fechas asociadas al nombre 1889-1959-
Subdivisión de forma Homenajes
Fuente del encabezamiento o término
9 (RLIN) 147345
700 1# - ENTRADA AGREGADA--NOMBRE PERSONAL
Nombre de persona Enríquez Perea, Alberto.
9 (RLIN) 47291
710 2# - ENTRADA AGREGADA--NOMBRE DE ENTIDAD CORPORATIVA
Nombre de entidad corporativa o nombre de jurisdicción como elemento de entrada Universidad Nacional Autónoma de México.
9 (RLIN) 7397
852 ## - LOCALIZACIÓN
Ubicación ES-MaACL
Número de control de estantería L-91
Holdings
Estatus retirado Estado de pérdida Estado de daño No para préstamo Biblioteca de origen Biblioteca actual Ubicación en estantería Fecha de adquisición Fuente de adquisición Total de préstamos Signatura topográfica completa Código de barras Visto por última vez Precio de reemplazo Tipo de ítem Koha
        Biblioteca del Ateneo de Madrid Biblioteca del Ateneo de Madrid Depósito 2 14/07/2011     L-91 1187849 23/02/2023 23/02/2023 Libro impreso